El problema social y sus soluciones : (Record no. 26488)

MARC details
000 -LEADER
campo de control de longitud fija 00766nam a2200193 i 4500
001 - NÚMERO DE CONTROL
campo de control 26488
003 - IDENTIFICADOR DE NÚMERO DE CONTROL
campo de control ES-MaACL
005 - FECHA Y HORA DE LA ÚLTIMA TRANSACCIÓN
campo de control 20230906153442.0
007 - CAMPO FIJO DE DESCRIPCIÓN FÍSICA--INFORMACIÓN GENERAL
campo de control de longitud fija t|
008 - DATOS DE LONGITUD FIJA--INFORMACIÓN GENERAL
campo de control de longitud fija 030109s1944 sp ||||1| spa d
100 1# - ENTRADA PRINCIPAL--NOMBRE DE PERSONA
Nombre de persona Aunós Pérez, Antonio.
9 (RLIN) 23921
245 13 - MENCIÓN DEL TÍTULO
Título El problema social y sus soluciones :
Resto del título conferencia desarrollada en el Salón de Actos de la Cámara Oficial de la Propiedad Urbana el día 30 de octubre de 1943 /
Mención de responsabilidad, etc. por Antonio Aunós Pérez.
260 ## - PUBLICACIÓN, DISTRIBUCIÓN, ETC.
Lugar de publicación, distribución, etc. Lérida :
Nombre del editor, distribuidor, etc. [s.n.],
Fecha de publicación, distribución, etc. 1944 (
Fabricante Imp. Escuela Provincial)
300 ## - DESCRIPCIÓN FÍSICA
Extensión 28 p. ;
Dimensiones 25 cm.
594 ## - Nota al título y mención de responsabilidad
Nota al título y mención de responsabilidad Precede a tít.: Ilustre Colegio de Abogados. Lérida.
650 #4 - PUNTO DE ACCESO ADICIONAL DE MATERIA--TÉRMINO DE MATERIA
Término de materia o nombre geográfico como elemento de entrada Problemas sociales-
Subdivisión geográfica España.
9 (RLIN) 170568
710 2# - ENTRADA AGREGADA--NOMBRE DE ENTIDAD CORPORATIVA
Nombre de entidad corporativa o nombre de jurisdicción como elemento de entrada Colegio de Abogados de Lérida.
9 (RLIN) 2890
852 ## - LOCALIZACIÓN
Ubicación ES-MaACL
Número de control de estantería 1846-F-44
Holdings
Estatus retirado Estado de pérdida Estado de daño No para préstamo Colección Biblioteca de origen Biblioteca actual Ubicación en estantería Fecha de adquisición Fuente de adquisición Total de préstamos Signatura topográfica completa Código de barras Visto por última vez Precio de reemplazo Tipo de ítem Koha
        Colección de folletos Biblioteca del Ateneo de Madrid Biblioteca del Ateneo de Madrid Depósito folletos 17/01/2008     1846-F-44 1027338 23/02/2023 23/02/2023 Folleto